Sports Quiz

Random Sports or Rugby Quiz

Past & Present New Zealand Provincial Rugby Teams Quiz Stats

 Plays Quiz not verified by Sporcle

Challenge
Share
Tweet
Embed
Score 0/30 Timer 10:00
0 Plays Today
% Correct
Auckland
93.8%
Otago
92.2%
Wellington
92.2%
Southland
90.6%
Northland
89.1%
Canterbury
89.1%
Waikato
87.5%
Bay Of Plenty
84.4%
Taranaki
82.8%
North Harbour
76.6%
Tasman
75%
Counties Manukau
75%
Hawkes Bay
73.4%
Manawatu
70.3%
West Coast
68.8%
% Correct
South Canterbury
64.1%
Wairarapa Bush
60.9%
East Coast
57.8%
King Country
57.8%
Buller
56.3%
Mid Canterbury
54.7%
North Otago
54.7%
Wanganui
53.1%
Poverty Bay
51.6%
Horowhenua-Kapiti
51.6%
Thames Valley
45.3%
Nelson Bays
43.8%
Marlborough
42.2%
North Auckland
29.7%
Central Vikings
17.2%

You're not logged in!

Compare scores with friends on all Sporcle quizzes.
Join for Free
OR
Log In

You Might Also Like...

Show Comments

Extras

Top Quizzes Today


Score Distribution

Your Account Isn't Verified!

In order to create a playlist on Sporcle, you need to verify the email address you used during registration. Go to your Sporcle Settings to finish the process.

Report this User

Report this user for behavior that violates our Community Guidelines.

Details: